Proceedings of the 11th International Workshop on Polarized Sources and Targets (Record no. 233769)
[ view plain ]
| 000 -LEADER | |
|---|---|
| fixed length control field | 01458nam a2200337Ia 4500 |
| 082 04 - DEWEY DECIMAL CLASSIFICATION NUMBER | |
| Classification number | 539.7/25 |
| 245 10 - TITLE STATEMENT | |
| Title | Proceedings of the 11th International Workshop on Polarized Sources and Targets |
| 260 ## - PUBLICATION, DISTRIBUTION, ETC. (IMPRINT) | |
| Place of publication | New Jersey : |
| Name of publisher | World Scientific, |
| Year of publication | c2007. |
| 300 ## - PHYSICAL DESCRIPTION | |
| Number of Pages | xxiii, 243 p. : |
| Other physical details | ill. |
| 650 #0 - SUBJECT ADDED ENTRY--TOPICAL TERM | |
| Topical Term | Polarized beams (Nuclear physics) |
| Topical Term | Polarized targets (Nuclear physics) |
| Topical Term | Nuclear spin |
| 700 1# - ADDED ENTRY--PERSONAL NAME | |
| Personal name | Uesaka, Tomohiro. |
| 856 40 - ELECTRONIC LOCATION AND ACCESS | |
| Uniform Resource Identifier | http://site.ebrary.com/lib/rucke/Doc?id=10188848 |
No items available.
